| 000 | 00673cam a2200205 4500 | ||
|---|---|---|---|
| 001 | BIIH006337 | ||
| 008 | 1992 spa | ||
| 020 | _a84-376-0666-7 | ||
| 035 | _aBIIH006337 | ||
| 050 | 4 |
_aF1411 _bH57 1992 |
|
| 245 | 0 |
_aHistoria de Iberoamerica / _ccoordinador Manuel Lucena Salmoral ... [et al.]. |
|
| 260 | e | c | _c1992 |
| 300 |
_a3 v. ; _c24 cm. |
||
| 440 | 0 | _aHistoria, Serie Mayor | |
| 500 | _a3 ejemplares | ||
| 505 | _aContenido: v.1. Prehistoria e Historia Antigua -- v.2. Historia Moderna -- v.3. Historia Contemporanea | ||
| 650 | 4 |
_aHistoria Antigua _xHispanoamerica |
|
| 700 | 1 |
_aLucena Salmoral, Manuel, _ecoord |
|
| 942 |
_2lcc _cLIB |
||
| 999 |
_c62344 _d62344 |
||